Human development report 2000 : (Record no. 18403)

000 -LEADER
fixed length control field 00351nam a22001338i 4500
020 ## - INTERNATIONAL STANDARD BOOK NUMBER
ISBN 0195216784
040 ## - CATALOGING SOURCE
Transcribing agency UKM
082 04 - DEWEY DECIMAL CLASSIFICATION NUMBER
Classification number 338.9005
245 00 - TITLE STATEMENT
Title Human development report 2000 :
Remainder of title human development and human rights /
300 ## - PHYSICAL DESCRIPTION
Number of Pages 1 volume
650 #4 - SUBJECT ADDED ENTRY--TOPICAL TERM
Topical Term Economic development
710 2# - ADDED ENTRY--CORPORATE NAME
Corporate name or jurisdiction name as entry element United Nations Development Programme.
942 ## - ADDED ENTRY ELEMENTS (KOHA)
Koha item type ADB

No items available.

មជ្ឈមណ្ឌលឯការនៃសាកលវិទ្យាល័យភូមិន្ទកសិកម្មចំការដូង

Powered by Koha